|
|
|
|
| LEADER |
00935nam a2200337 4500 |
| 001 |
DLU040028532 |
| 005 |
##20110915 |
| 040 |
# |
# |
|a DLU
|b vie
|
| 041 |
# |
# |
|a vie
|
| 044 |
# |
# |
|a vn
|
| 082 |
# |
# |
|a 363.728
|b TR-T
|
| 100 |
# |
# |
|a Trịnh Thị Thanh.
|
| 245 |
# |
# |
|a Kiểm toán chất thải công nghiệp /
|c Trịnh Thị Thanh, Nguyễn Thị Hà.
|
| 260 |
# |
# |
|a H. :
|b Đại học Quốc gia,
|c 2003.
|
| 300 |
# |
# |
|a 191 tr. ;
|c 21 cm.
|
| 504 |
# |
# |
|a Tài liệu tham khảo :tr.189.
|
| 650 |
# |
# |
|a Chất thải
|x Khía cạnh môi trường.
|
| 650 |
# |
# |
|a Kiểm toán môi trường.
|
| 650 |
# |
# |
|a Quản lý công nghiệp
|x Khía cạnh môi trường.
|
| 700 |
# |
# |
|a Nguyễn Thị Hà.
|
| 923 |
# |
# |
|a 18/2004
|
| 991 |
# |
# |
|a GT
|
| 992 |
# |
# |
|a 22900
|
| 994 |
# |
# |
|a DLU
|
| 900 |
# |
# |
|a True
|
| 911 |
# |
# |
|a Đào Thị Thu Huyền
|
| 925 |
# |
# |
|a G
|
| 926 |
# |
# |
|a A
|
| 927 |
# |
# |
|a SH
|
| 980 |
# |
# |
|a Thư viện Trường Đại học Đà Lạt
|